00427nam a2200157Ia 4500003000400000005001700004008004100021040001800062041000800080082001600088100004400104245007200148260002500220600001200245650001200257OSt20260325113433.0211028s2006 xx 000 0 und d cAIMIT LIBRARY aeng a658.15 SHEV aShetty, Vivek;Pinto, Prakash.g40911130 aCompany analysis of large cap and mid cap companies traded in NSE / bPinto, Prakashc2006 aFinance aFinance